000 00479cam a2200205ua 4500
001 8679
005 20260515114350.0
008 150212n ii |||gr||||Z||||||eng
020 _a0861256999
040 _cMAIN
041 _aeng
082 _a425
100 _aFreeman, S.,
_eAuthor.
245 1 _aWritten communication in english
_cBy Sarah Freeman
250 _a1st.
260 _aCalcutta:
_bOrient,
_c1988.
300 _a224p.
653 _aEnglish grammar
942 _cBK
999 _c7771
_d7771